Online
Catalog

Compendio de normas sobre profesionalización de la función pública : (Record no. 44605)

MARC details
000 -CABECERA
campo de control de longitud fija 01236nam a2200205 a 4500
001 - NÚMERO DE CONTROL
campo de control 000045116
005 - FECHA Y HORA DE LA ÚLTIMA TRANSACCIÓN
campo de control 20201002045906.0
008 - DATOS DE LONGITUD FIJA--INFORMACIÓN GENERAL
campo de control de longitud fija 150203s2014 dr 000 0 spa d
040 ## - FUENTE DE LA CATALOGACIÓN
Centro catalogador/agencia de origen DO-SdBNP
Lengua de catalogación spa
Centro/agencia transcriptor BNPHU
082 ## - NÚMERO DE LA CLASIFICACIÓN DECIMAL DEWEY
Número de clasificación xxxx
Número de documento/Ítem xxxx
110 1# - ENTRADA PRINCIPAL--NOMBRE DE ENTIDAD CORPORATIVA
Nombre de entidad corporativa o nombre de jurisdicción como elemento de entrada República Dominicana.
9 (RLIN) 447
240 10 - TÍTULO UNIFORME
Título uniforme [Leyes, etc.]
245 10 - MENCIÓN DE TÍTULO
Título Compendio de normas sobre profesionalización de la función pública :
Resto del título Ley de Función Pública y sus reglamentos de aplicación /
Mención de responsabilidad, etc. presentación ; Ramón Ventura Camejo.
250 ## - MENCIÓN DE EDICIÓN
Mención de edición 8va ed.
260 ## - PUBLICACIÓN, DISTRIBUCIÓN, ETC.
Lugar de publicación, distribución, etc. Santo Domingo :
-- MAP,
Fecha de publicación, distribución, etc. 2014.
300 ## - DESCRIPCIÓN FÍSICA
Extensión 253 p. ;
Dimensiones 22 cm.
505 0# - NOTA DE CONTENIDO CON FORMATO
Nota de contenido con formato Ley no. 41-08 de función pública --
Título Reglamento de relaciones laborales en la administración pública. No. 523-09 --
-- Reglamento de reclutamiento y selección de personal en la administración pública. No. 524-09 --
-- Reglamento de evaluación del desenpeño y promoción de los servidores y funcionarios de la administración pública. No. 525-09 --
-- Reglamento de estructura organizativa, cargo y política salarial. No. 527-09
-- Ley orgáica de admistración pública (ley No. 247-12)
700 12 - PUNTO DE ACCESO ADICIONAL--NOMBRE DE PERSONA
Nombre de persona Ventura Camejo, Ramón
Término indicativo de función/relación present.
9 (RLIN) 26937
710 22 - PUNTO DE ACCESO ADICIONAL--NOMBRE DE ENTIDAD CORPORATIVA
Nombre de entidad corporativa o nombre de jurisdicción como elemento de entrada República Dominicana.
Unidad subordinada Ministerio de Administración Pública
9 (RLIN) 38094
Holdings
Estado de retiro Estado de pérdida No para préstamo Código de colección Localización permanente Ubicación/localización actual Ubicación en estantería Fecha de adquisición Número de inventario Total de préstamos Signatura topográfica completa Código de barras Fecha visto por última vez Precio válido a partir de Tipo de ítem Koha
    Excluido de préstamo Patrimonio Dominicano Patrimonio Dominicano Patrimonio Dominicano En catalogación 03.02.2015 LF1   xxxx xxxx 45116-10 25.06.2020 25.06.2020 Libro y Folleto Colección Patrimonio Dominicano

Powered by Koha